00521nam a22001697a 450000500170000001000150001702000260003203500140005803700140007208200150008610000300010124500800013125000060021126000340021727000800025130000200033120260212143127.0 aENG-147757 a9788199249448c750.00 aEN-131289 bDBADaDPL a307.77221 aKushwaha, Subhash Chandra aBhil Revolt:bA Century and a Quater of Struggle/cSubhash Chandra Kushwaha a1 aNew DelhibNiyogi Booksc2025 aBlock D, Building No. 77, Okhla Industrial Area, Phase-IbNew Delhie110020 a428p.c23cm(hb)